Highest All-Time Goalscorers in the Australian A-League - Statistics

General Stats
  • This quiz has been taken 18 times
  • The average score is 8 of 20
Answer Stats
# Goals Games Clubs Answer % Correct
2 100 142 Melbourne City, Brisbane Roar, Perth Glory Jamie Maclaren
88%
1 132 219 Melbourne Victory, Brisbane Roar, Western United Besart Berisha
76%
4 73 117 Melbourne City, Perth Glory Bruno Fornaroli
71%
7 58 157 Melbourne Victory Archie Thompson
65%
14 46 131 Perth Glory Diego Castro
53%
5 72 242 Melbourne Victory, Sydney FC, Brisbane Roar, Wellington Phoenix Kosta Barbarouses
53%
3 78 163 Perth Glory, Sydney FC, Wellington Phoenix, Gold Coast United Shane Smeltz
53%
8 57 243 Central Coast Mariners, Sydney FC Matt Simon
47%
6 58 140 Perth Glory Andy Keogh
41%
18 40 58 Sydney FC Adam Le Fondre
35%
10 53 75 Sydney FC Bobô
35%
11 50 108 Perth Glory, Newcastle Jets, Brisbane Roar Adam Taggart
29%
13 49 172 Sydney FC, Brisbane Roar Alex Brosque
29%
12 50 120 Wellington Phoenix Roy Krishna
29%
19 40 85 Adelaide United, Brisbane Roar Sergio van Dijk
29%
20 40 174 Melbourne City, North Queensland Fury, Wellington Phoenix David Williams
24%
16 43 168 Brisbane Roar, Adelaide United Henrique
24%
9 56 126 Newcastle Jets, Central Coast Mariners, Brisbane Roar Roy O'Donovan
24%
17 41 198 Brisbane Roar, Newcastle Jets, Sydney FC, Western Sydney Wanderers Dimitri Petratos
18%
15 45 184 Western Sydney Wanderers, Sydney FC, Newcastle Jets Mark Bridge
18%
No matching quizzes found
Score Distribution
Percent of People with Each Score
Percentile by Number Answered
Your Score History
You have not taken this quiz